Statistics for Biggest International Airports (by passenger volume)

Click here to take the quiz!

General Stats

  • This quiz has been taken 1,765 times
    (1,763 since last reset)
  • The average score is 15 of 30

Answer Stats

RankingAirport% Correct
1London (Heathrow)
95%
16New York (JFK)
92%
11London (Gatwick)
87%
2Paris (Charles de Gaulle)
87%
6Frankfurt
74%
10Madrid (Barajas)
73%
15Rome (Leonardo da Vinci)
72%
5Amsterdam
69%
4Dubai
68%
3Hong Kong
67%
7Singapore
66%
12Munich
58%
17Istanbul (Ataturk)
57%
20Barcelona
56%
8Suvarnabhumi
53%
23Toronto
52%
9Incheon
51%
27Miami
49%
14Kuala Lumpur
40%
18Zurich
38%
26Brussels
36%
25Dublin
36%
24Copenhagen
33%
22Vienna
33%
30Manchester
29%
19Taoyuan
27%
28Doha
26%
13Narita
20%
21Antalya
3%
29Malpensa
3%

Score Distribution

Percentile by Number Answered

Percent of People with Each Score

Your Score History

You have not taken this quiz since the last reset